Statistics for Former Countries of the Soviet Union

Click here to take the quiz!

General Stats

  • This quiz has been taken 57 times
  • The average score is 14 of 15

Answer Stats

JoinedLeftCountry% Correct
19361991Armenia
96%
19361991Georgia
96%
19401990Latvia
96%
19221991Russia
96%
19221991Ukraine
94%
19361991Azerbaijan
92%
19221991Belarus
92%
19401990Estonia
92%
19361991Kazakhstan
92%
19401990Lithuania
92%
19241991Uzbekistan
92%
19241991Turkmenistan
90%
19361991Kyrgyzstan
88%
19291991Tajikistan
88%
19401991Moldova
84%

Score Distribution

Percentile by Number Answered

Percent of People with Each Score

Your Score History

You have not taken this quiz